| 000 | 00948nam a22002177a 4500 | ||
|---|---|---|---|
| 003 | BD-DhJNU | ||
| 005 | 20260413041031.0 | ||
| 008 | 260413b |||||||| |||| 00| 0 eng d | ||
| 020 | _a8189863037 | ||
| 040 |
_aBD-DhJNU _bENG _cBD-DhJNU _dBD-DhJNU |
||
| 082 |
_223 _a701.17 CHR |
||
| 100 | _aচট্টোপাধ্যায়, দেবীপ্রসাদ | ||
| 242 |
_aForm, flavor, and beauty : _bintroduction to aesthetics / _cDebiprasad Chattopadhyaya |
||
| 245 |
_aরূপ, রস ও সুন্দর : _bনন্দনতত্ত্বের ভূমিকা / _cদেবীপ্রসাদ চট্টোপাধ্যায় |
||
| 250 | _a3rd ed | ||
| 260 |
_aকলকাতা : _bনয়া উদ্যোগ, _c2007. |
||
| 300 |
_a[১৮], ২৯৬ পৃ. : _bচিত্র ; _c২২ সেমি.। |
||
| 650 | _aনন্দন তত্ত্ব | ||
| 650 | _aNandan theory | ||
| 942 |
_2ddc _cBK _n0 |
||
| 999 |
_c2672 _d2672 |
||